LEADER 00822nam a2200217 i 4500 001 000000154918 003 CaOOAMICUS 005 20061028000000.0 008 061028s1979 it u000 u ita u 013 $a132267 040 $aSeMil$bita 100 1 $aFuria, Paolo.$0(OLS)http://semarc/name/49758 245 13$aLa pittura trevigliese del '400 /$cPaolo Furia. 260 $a[S.l. :$bs.n.],$c[197?] 300 $a220 p. :$bill. ;$c34 cm. 650 4$aArte - Storia - Sec. 15.$0(OLS)http://semarc/subject/3993 650 4$aTreviglio.$0(OLS)http://semarc/subject/6952 850 $aSeMil 852 $aSeMil$W1$xVenegono$y1$m5I X 16$j106769$B106769$CSeMilBibl$Z2$F116033 $8I 996 $6245$aLa pittura trevigliese del '400$9(OLS)http://semarc/title/226813 996 $6260$a[S.l. :$bs.n.]$9(OLS)http://semarc/publisher/29751 LEADER 00990nam a2200217 i 4500 001 000000001552 003 CaOOAMICUS 005 20180830125435.0 008 180830s1964 it u000 u ita u 040 $aSeMil$bita 100 1 $aMittner, Ladislao.$0(OLS)http://semarc/name/1005 245 10$aStoria della letteratura tedesca. 260 $aTorino :$bEinaudi,$c1964-1977. 650 4$aLetteratura tedesca - Storia.$0(OLS)http://semarc/subject/557 774 0 $tDal realismo alla sperimentazione (1820-1970).$g3.$w()1148 774 0 $tDal Diedermeier al fine secolo (1820-1890).$gVol.3$w()64570 774 0 $tDal fine secolo alla sperimentazione (1890-1970).$gVol.3$w()65388 774 0 $tDal pietismo al romanticismo (1700-1820).$gVol.2$w()65838 774 0 $tDai primordi pagani all'età barocca (dal 750 circa al 1700 circa).$gVol.1$w()66767 996 $6245$aStoria della letteratura tedesca$9(OLS)http://semarc/title/2522 996 $6260$aTorino :$bEinaudi$9(OLS)http://semarc/publisher/29884